[Event "FICGS class D 000297 email"]
[Site "FICGS email"]
[Date "2023.08.10"]
[Round "1"]
[White "Leurette, Marc Antoine"]
[Black "Zmolil, Karel"]
[Result "1-0"]
[WhiteElo "1694"]
[BlackElo "1738"]
[PlyCount "63"]
[EventDate "2023.??.??"]
[EventType "tourn (corr)"]
[EventRounds "6"]
[SourceTitle "Corr 2024"]
[Source "ChessBase"]
[SourceDate "2023.10.19"]
[SourceVersion "1"]
[SourceVersionDate "2023.10.19"]
[SourceQuality "1"]

1. e4 e5 2. Nf3 Nc6 3. Bc4 h6 4. c3 Nf6 5. d3 d6 6. Be3 Ng4 7. Qe2 Nxe3 8. Qxe3 Be7 9. Nbd2 Bf6 10. 0-0-0 Na5 11. Bb5+ c6 12. Ba4 b5 13. Bc2 Bg4 14. h3 Be6 15. g3 0-0 16. Kb1 Nb7 17. h4 Bg4 18. Rde1 Re8 19. Nh2 Be6 20. f4 exf4 21. gxf4 Bxh4 22. f5 Bg5 23. Qf2 Bh4 24. Qf4 Bd7 25. Reg1 Bg5 26. Qg3 Qf6 27. Nhf3 Bxd2 28. Nxd2 Kh7 29. Rh2 Rh8 30. d4 Rag8 31. Nf3 Rf8 32. e5 1-0

[Event "FICGS rapid C 000298 email"]
[Site "FICGS email"]
[Date "2023.07.30"]
[Round "1"]
[White "Phillips, Wendell"]
[Black "Zmolil, Karel"]
[Result "0-1"]
[WhiteElo "1722"]
[BlackElo "1738"]
[PlyCount "90"]
[EventDate "2023.??.??"]
[EventType "tourn (rapid)"]
[EventRounds "4"]
[SourceTitle "Corr 2024"]
[Source "ChessBase"]
[SourceDate "2023.10.19"]
[SourceVersion "1"]
[SourceVersionDate "2023.10.19"]
[SourceQuality "1"]

1. e4 e5 2. d3 Bc5 3. c3 Nc6 4. h3 h6 5. Nf3 Qf6 6. Be2 Nge7 7. Nbd2 Ng6 8. Nf1 Nf4 9. Bxf4 Qxf4 10. Ng3 g6 11. Qc1 Qf6 12. Qd2 d6 13. b4 Bb6 14. a4 a6 15. a5 Ba7 16. Nf1 Be6 17. Ne3 Ne7 18. Ng4 Qg7 19. Ne3 c6 20. 0-0 f5 21. Nc4 Rd8 22. Nb6 f4 23. Qc2 g5 24. Nh2 h5 25. Qd1 Qg6 26. Bf3 Ng8 27. Rb1 Nf6 28. Re1 g4 29. hxg4 hxg4 30. Be2 Qh6 31. Kf1 Qxh2 32. Bf3 Qh1+ 33. Ke2 gxf3+ 34. gxf3 Qh7 35. Rg1 Ke7 36. Qc2 Qf7 37. Rg2 Rdg8 38. Rbg1 Rxg2 39. Rxg2 Nd7 40. Nxd7 Kxd7 41. Qd1 Bb8 42. Qg1 Rh7 43. Rg6 Bc7 44. Kd2 Bd8 45. Qg2 Bf6 0-1

[Event "FICGS class D 000295 email"]
[Site "FICGS email"]
[Date "2023.05.26"]
[Round "1"]
[White "Forme, Vocihc"]
[Black "Zmolil, Karel"]
[Result "1-0"]
[WhiteElo "1500"]
[BlackElo "1727"]
[PlyCount "47"]
[EventDate "2023.??.??"]
[EventType "tourn (corr)"]
[EventRounds "6"]
[SourceTitle "Corr 2024"]
[Source "ChessBase"]
[SourceDate "2023.10.19"]
[SourceVersion "1"]
[SourceVersionDate "2023.10.19"]
[SourceQuality "1"]

1. e4 e5 2. Nf3 Nc6 3. Bb5 a6 4. Ba4 d6 5. c3 Bd7 6. Bb3 h6 7. d4 Qf6 8. 0-0 Nge7 9. Be3 Ng6 10. Nbd2 Be7 11. d5 Na5 12. Bc2 b5 13. a4 bxa4 14. Bxa4 c6 15. b4 Rc8 16. bxa5 0-0 17. Qe2 Bg4 18. Bxc6 Bd8 19. Qxa6 Rc7 20. Qb5 Ne7 21. a6 Nxc6 22. dxc6 Rc8 23. a7 Bc7 24. Qb7 1-0

[Event "FICGS class C 000310 email"]
[Site "FICGS email"]
[Date "2023.04.08"]
[Round "1"]
[White "Zmolil, Karel"]
[Black "Brodie, Peter"]
[Result "1/2-1/2"]
[WhiteElo "1770"]
[BlackElo "1632"]
[PlyCount "59"]
[EventDate "2023.??.??"]
[EventType "tourn (corr)"]
[EventRounds "4"]
[SourceTitle "Corr 2024"]
[Source "ChessBase"]
[SourceDate "2023.10.19"]
[SourceVersion "1"]
[SourceVersionDate "2023.10.19"]
[SourceQuality "1"]

1. e4 e5 2. Nf3 Nc6 3. d3 d6 4. h3 Nf6 5. Be3 Be7 6. Nc3 0-0 7. Qd2 h6 8. 0-0-0 d5 9. exd5 Nxd5 10. Nxd5 Qxd5 11. c4 Qd7 12. Qc3 Bb4 13. Qb3 a5 14. a3 Bd6 15. Be2 b6 16. Nd2 a4 17. Qc3 Bb4 18. Qc2 Bxd2+ 19. Qxd2 g5 20. h4 f6 21. hxg5 fxg5 22. Rxh6 Na5 23. Qb4 c5 24. Qxb6 Ra6 25. Rg6+ Kf7 26. Rf6+ Kg7 27. Rg6+ Kf7 28. Rf6+ Kg7 29. Rg6+ Kf7 30. Rf6+ 1/2-1/2

[Event "FICGS class C 000310 email"]
[Site "FICGS email"]
[Date "2023.04.08"]
[Round "1"]
[White "Zmolil, Karel"]
[Black "Cabrera, Claudio"]
[Result "0-1"]
[WhiteElo "1770"]
[BlackElo "1986"]
[PlyCount "38"]
[EventDate "2023.??.??"]
[EventType "tourn (corr)"]
[EventRounds "4"]
[SourceTitle "Corr 2024"]
[Source "ChessBase"]
[SourceDate "2023.10.19"]
[SourceVersion "1"]
[SourceVersionDate "2023.10.19"]
[SourceQuality "1"]

1. e4 e5 2. Nf3 Nc6 3. Nc3 g6 4. d4 exd4 5. Nxd4 Bg7 6. Be3 Nf6 7. Be2 0-0 8. 0-0 Re8 9. f3 d5 10. Bb5 Bd7 11. exd5 Rxe3 12. dxc6 bxc6 13. Bxc6 Bxc6 14. Nxc6 Qe8 15. Nb4 Rd8 16. Qc1 Bh6 17. Qb1 c5 18. Nd3 c4 19. Nb4 a5 0-1

[Event "OP-2023-0-05390"]
[Site "LSS email"]
[Date "2023.03.19"]
[Round "?"]
[White "Zmolil, Karel"]
[Black "Swiatek, Janusz"]
[Result "0-1"]
[WhiteElo "982"]
[BlackElo "2104"]
[PlyCount "48"]
[EventDate "2023.03.12"]
[EventType "tourn (corr)"]
[EventRounds "4"]
[EventCountry "GER"]
[SourceTitle "Corr 2024"]
[Source "ChessBase"]
[SourceDate "2023.10.19"]
[SourceVersion "1"]
[SourceVersionDate "2023.10.19"]
[SourceQuality "1"]

1. e4 e5 2. Nf3 Nc6 3. Bb5 Nf6 4. d3 Bc5 5. 0-0 Nd4 6. Nxd4 Bxd4 7. c3 Bb6 8. Bg5 h6 9. Bh4 c6 10. Ba4 g5 11. Bg3 d6 12. Nd2 h5 13. h3 h4 14. Bh2 g4 15. hxg4 Bxg4 16. Qe1 Rg8 17. Kh1 Nh5 18. Bd1 Qg5 19. Nf3 Qf6 20. Be2 h3 21. Bg3 hxg2+ 22. Kxg2 Bxf3+ 23. Bxf3 Nf4+ 24. Kg1 Rxg3+ 0-1

[Event "FICGS class D 000293 email"]
[Site "FICGS email"]
[Date "2023.03.14"]
[Round "1"]
[White "Pintor, Manuel"]
[Black "Zmolil, Karel"]
[Result "1-0"]
[WhiteElo "1699"]
[BlackElo "1770"]
[PlyCount "51"]
[EventDate "2023.??.??"]
[EventType "tourn (corr)"]
[EventRounds "6"]
[SourceTitle "Corr 2024"]
[Source "ChessBase"]
[SourceDate "2023.10.19"]
[SourceVersion "1"]
[SourceVersionDate "2023.10.19"]
[SourceQuality "1"]

1. e4 e5 2. f4 exf4 3. Nf3 Be7 4. h4 d5 5. exd5 Qxd5 6. d4 Bg4 7. Nc3 Bxf3 8. Qxf3 Qxf3 9. gxf3 g5 10. Nd5 Kd7 11. Nxe7 Kxe7 12. hxg5 Nc6 13. c3 Re8 14. Bxf4 Kd7+ 15. Kd2 Rf8 16. Bb5 a6 17. Bxc6+ Kxc6 18. Be5 f6 19. gxf6 Rf7 20. c4 h5 21. Rag1 Nxf6 22. Rg6 Rhf8 23. Rxh5 Kd7 24. Bxf6 Rxf6 25. Rxf6 Rxf6 26. Ke3 1-0

[Event "FICGS rapid C 000294 email"]
[Site "FICGS email"]
[Date "2023.02.07"]
[Round "1"]
[White "Ramirez, Eliecer"]
[Black "Zmolil, Karel"]
[Result "1-0"]
[WhiteElo "1800"]
[BlackElo "1773"]
[PlyCount "21"]
[EventDate "2023.??.??"]
[EventType "tourn (rapid)"]
[EventRounds "4"]
[SourceTitle "Corr 2024"]
[Source "ChessBase"]
[SourceDate "2023.10.19"]
[SourceVersion "1"]
[SourceVersionDate "2023.10.19"]
[SourceQuality "1"]

1. e4 e6 2. d4 d5 3. exd5 exd5 4. Bd3 h6 5. Nf3 Bd6 6. 0-0 Be6 7. Re1 Ne7 8. Nc3 Nd7 9. Nb5 Bb4 10. Bf4 Bxe1 11. Bxc7 1-0

[Event "FICGS rapid C 000294 email"]
[Site "FICGS email"]
[Date "2023.02.07"]
[Round "1"]
[White "Zmolil, Karel"]
[Black "Leurette, Marc Antoine"]
[Result "1-0"]
[WhiteElo "1773"]
[BlackElo "1709"]
[PlyCount "93"]
[EventDate "2023.??.??"]
[EventType "tourn (rapid)"]
[EventRounds "4"]
[SourceTitle "Corr 2024"]
[Source "ChessBase"]
[SourceDate "2023.10.19"]
[SourceVersion "1"]
[SourceVersionDate "2023.10.19"]
[SourceQuality "1"]

1. e4 e5 2. Nf3 Nc6 3. Bb5 Nf6 4. d3 a6 5. Ba4 b5 6. Bb3 Bc5 7. 0-0 d6 8. Nc3 0-0 9. Bg5 h6 10. Be3 Bb4 11. Nd5 Nxd5 12. Bxd5 Bd7 13. c3 Ba5 14. b4 Bb6 15. Bxb6 cxb6 16. h3 Rc8 17. Rc1 Re8 18. Nh2 Qg5 19. Qf3 Re7 20. Kh1 Be6 21. Bxe6 Rxe6 22. Qg4 Qd2 23. Qd1 Qxa2 24. Rc2 Qb3 25. Qd2 Re7 26. Ra1 a5 27. Rb2 Qe6 28. bxa5 Nxa5 29. Ra3 Rc5 30. f3 f6 31. Ng4 f5 32. Ne3 f4 33. Nd5 Rb7 34. Nxb6 Rxb6 35. Rxa5 Qd7 36. d4 exd4 37. cxd4 Rc4 38. d5 Qc7 39. Qxf4 Rc1+ 40. Kh2 g5 41. Qe3 Rc5 42. Qd4 Qf7 43. Ra8+ Qf8 44. Rxf8+ Kxf8 45. Qf6+ Ke8 46. Ra2 Rc8 47. Ra7 1-0

[Event "LSS ZN-2022-0-04458"]
[Site "LSS email"]
[Date "2022.12.18"]
[Round "?"]
[White "Zmolil, Karel"]
[Black "Ventura, Bob"]
[Result "1-0"]
[WhiteElo "983"]
[BlackElo "841"]
[PlyCount "53"]
[EventDate "2022.12.11"]
[EventType "match (corr)"]
[EventRounds "2"]
[EventCountry "GER"]
[SourceTitle "Corr 2024"]
[Source "ChessBase"]
[SourceDate "2023.10.19"]
[SourceVersion "1"]
[SourceVersionDate "2023.10.19"]
[SourceQuality "1"]

1. e4 e5 2. Nf3 Nc6 3. Bb5 d6 4. 0-0 Bd7 5. Nc3 a6 6. Ba4 h6 7. h3 Nf6 8. Re1 Be7 9. d3 Na7 10. Bb3 0-0 11. Be3 Kh8 12. Qd2 Nh7 13. Nd5 c6 14. Nxe7 Qxe7 15. d4 f5 16. dxe5 dxe5 17. exf5 Bxf5 18. Bxa7 Rxa7 19. Nxe5 Qf6 20. f3 Raa8 21. c3 Bg6 22. Qf2 Rad8 23. Ng4 Qd6 24. Re6 Qd3 25. Ne5 Qf5 26. Nxg6+ Kg8 27. Ne7+ 1-0

[Event "FICGS class D 000290 email"]
[Site "FICGS email"]
[Date "2022.11.28"]
[Round "1"]
[White "Zmolil, Karel"]
[Black "Pintor, Manuel"]
[Result "1-0"]
[WhiteElo "1740"]
[BlackElo "1652"]
[PlyCount "53"]
[EventDate "2022.??.??"]
[EventType "tourn (corr)"]
[EventRounds "6"]
[SourceTitle "Corr 2024"]
[Source "ChessBase"]
[SourceDate "2023.10.19"]
[SourceVersion "1"]
[SourceVersionDate "2023.10.19"]
[SourceQuality "1"]

1. e4 e5 2. Nf3 Nc6 3. Bb5 Qf6 4. d3 h6 5. h3 Bc5 6. 0-0 Nge7 7. c3 0-0 8. Be3 Bb6 9. Nbd2 d6 10. Nc4 Qg6 11. Kh1 Qh5 12. Nh2 Na5 13. Qxh5 Nxc4 14. Bxc4 Be6 15. Bb5 Ng6 16. d4 exd4 17. cxd4 c6 18. Bd3 Ne7 19. f4 f5 20. e5 d5 21. g4 Bf7 22. Qh4 Ng6 23. Qg3 fxg4 24. Qxg4 Ne7 25. f5 Kh7 26. f6+ Ng6 27. e6 1-0

[Event "RF-2022-0-00524"]
[Site "LSS email"]
[Date "2022.10.13"]
[Round "?"]
[White "Koehler, Hans Christian"]
[Black "Zmolil, Karel"]
[Result "1/2-1/2"]
[WhiteElo "1055"]
[BlackElo "1036"]
[PlyCount "65"]
[EventDate "2022.08.29"]
[EventType "tourn (corr)"]
[EventRounds "6"]
[EventCountry "GER"]
[SourceTitle "Corr 2024"]
[Source "ChessBase"]
[SourceDate "2023.10.19"]
[SourceVersion "1"]
[SourceVersionDate "2023.10.19"]
[SourceQuality "1"]

1. e4 e6 2. d4 d5 3. Nc3 dxe4 4. Nxe4 h6 5. Nf3 Nf6 6. Nxf6+ Qxf6 7. c3 Bd6 8. Bb5+ c6 9. Bd3 Nd7 10. 0-0 Nb6 11. Re1 Nd5 12. Ne5 Qe7 13. a3 Nf6 14. h3 Qc7 15. f4 b6 16. Qf3 Bb7 17. Qf2 0-0-0 18. f5 Rhf8 19. fxe6 fxe6 20. Qe2 Nd5 21. Nc4 Rde8 22. Nxd6+ Qxd6 23. Ba6 b5 24. Bxb7+ Kxb7 25. Qe5 Qxe5 26. Rxe5 Kc7 27. Bd2 Rf5 28. Rae1 Rxe5 29. Rxe5 Kd7 30. g4 Rf8 31. Kg2 Kd6 32. Re2 Nf4+ 33. Bxf4+ 1/2-1/2

[Event "RF-2022-0-00524"]
[Site "LSS email"]
[Date "2022.10.09"]
[Round "?"]
[White "Zmolil, Karel"]
[Black "Cordes, Michael"]
[Result "0-1"]
[WhiteElo "1036"]
[BlackElo "1062"]
[PlyCount "40"]
[EventDate "2022.08.29"]
[EventType "tourn (corr)"]
[EventRounds "6"]
[EventCountry "GER"]
[SourceTitle "Corr 2024"]
[Source "ChessBase"]
[SourceDate "2023.10.19"]
[SourceVersion "1"]
[SourceVersionDate "2023.10.19"]
[SourceQuality "1"]

1. e4 e6 2. d4 d5 3. Bd3 dxe4 4. Bxe4 Nf6 5. Bf3 c5 6. dxc5 Qxd1+ 7. Bxd1 Nc6 8. Be3 Nd5 9. Bd2 Bxc5 10. Nc3 0-0 11. Nge2 Nb6 12. 0-0 Rd8 13. Bf4 e5 14. Bg3 Bf5 15. a3 Nc4 16. Rb1 Nd2 17. Re1 Nxb1 18. Nxb1 f6 19. Nec3 Rac8 20. Ne4 Bxe4 0-1